El romancero lírico de Lope de Vega

Uloženo v:
Podrobná bibliografie
Hlavní autor: Carreño, Antonio
Médium: Kniha
Jazyk:Undetermined
Vydáno: Madrid, España Gredos 1979
Témata:
Tagy: Přidat tag
Žádné tagy, Buďte první, kdo vytvoří štítek k tomuto záznamu!

MARC

LEADER 00000nam a2200000Ia 4500
008 170316s9999 xx 000 0 und d
040 |a cru BVZT 
090 |a C-862 C-8r 
100 |a Carreño, Antonio 
245 |a El romancero lírico de Lope de Vega 
260 |a Madrid, España 
260 |b Gredos 
260 |c 1979 
300 |a 301 páginas 
650 |a LITERATURA ESPAÑOLA 
650 |a CRÍTICA 
942 |c 15 D 
999 |c 13104  |d 13104